| 000 | 02259cam a2200589 i 4500 | ||
|---|---|---|---|
| 001 | 8155 | ||
| 003 | FISKH | ||
| 005 | 20250829092111.0 | ||
| 008 | 161117s2017 nyua j 6 000 1 eng d | ||
| 010 | _a 2016960079 | ||
| 020 |
_a9780545889551 _q(hardcover) |
||
| 020 |
_a0545889553 _q(hardcover) |
||
| 020 |
_a9780545889544 _q(pbk) |
||
| 020 |
_a0545889545 _q(pbk) |
||
| 040 |
_aFISKH _beng _cFISKH _eFISKH |
||
| 050 | 0 | 0 |
_aPZ7.7.T475 _bGr 2017 |
| 082 | 0 | 4 |
_a741.5973 _223 |
| 100 | 1 |
_aTerry, Laura, _eauthor, _eillustrator. |
|
| 245 | 1 | 0 |
_aGraveyard shakes / _cLaura Terry. |
| 260 |
_aNew York : _bScholastic, _c2017 |
||
| 300 |
_a203 pages : _bcolor illustrations ; _c21 cm |
||
| 336 |
_atext _btxt _2rdacontent |
||
| 336 |
_astill image _bsti _2rdacontent |
||
| 337 |
_aunmediated _bn _2rdamedia |
||
| 338 |
_avolume _bnc _2rdacarrier |
||
| 380 | _aComic or graphic novel | ||
| 520 | _aWhen Katia runs away from her private boarding school her sister Victoria goes looking for her, accidentally stumbling into the underworld of a nearby graveyard inhabited by ghosts and a man named Nikola, who is preparing a sinister spell. | ||
| 650 | 1 | _aGraphic novels. | |
| 650 | 1 |
_aSupernatural _vFiction. |
|
| 650 | 1 |
_aSisters _vFiction. |
|
| 650 | 1 |
_aCemeteries _vFiction. |
|
| 650 | 1 |
_aBoarding schools _vFiction. |
|
| 650 | 1 |
_aSchools _vFiction. |
|
| 650 | 7 |
_aJUVENILE FICTION / Action & Adventure. _2bisacsh |
|
| 650 | 7 |
_aJUVENILE FICTION / Comics & Graphic Novels. _2bisacsh |
|
| 650 | 7 |
_aJUVENILE FICTION / Social Themes / Adolescence. _2bisacsh |
|
| 650 | 7 |
_aBoarding schools. _2fast _0(OCoLC)fst00835102 |
|
| 650 | 7 |
_aCemeteries. _2fast _0(OCoLC)fst00850521 |
|
| 650 | 7 |
_aSisters. _2fast _0(OCoLC)fst01119758 |
|
| 655 | 0 | _aGraphic novels. | |
| 655 | 4 | _aGraphic novels. | |
| 655 | 7 |
_aComic books, strips, etc. _2fast _0(OCoLC)fst01423722 |
|
| 655 | 7 |
_aFiction. _2fast _0(OCoLC)fst01423787 |
|
| 655 | 7 |
_aGraphic novels. _2fast _0(OCoLC)fst01726630 |
|
| 655 | 7 |
_aJuvenile works. _2fast _0(OCoLC)fst01411637 |
|
| 655 | 7 |
_aParanormal fiction. _2fast _0(OCoLC)fst01921727 |
|
| 655 | 7 |
_aParanormal fiction. _2lcgft |
|
| 655 | 7 |
_aGraphic novels. _2lcgft |
|
| 906 |
_a7 _bcbc _ccopycat _d2 _encip _f20 _gy-gencatlg |
||
| 942 |
_2ddc _cBK _n0 |
||
| 999 |
_c8155 _d8155 |
||